000 00571nam a2200193 i 4500
001 109071
003 ES-MaACL
005 20230906184753.0
007 t|
008 061121s1938 sp |||| | spa d
100 1 _aMiró, Gabriel.
_981602
245 1 3 _aEl humo dormido /
_cGabriel Miró.
260 _aMadrid :
_bBiblioteca Nueva,
_c1938 (
_fImp. Rivadeneyra)
300 _a159 p. ;
_c18 cm.
490 1 _aObras completas de Gabriel Miró ;
_v7
830 0 _aObras completas de Gabriel Miró ;
_v7
_9193311
852 _aES-MaACL
_jA-5120
999 _c109071
_d109071